Matematika III : tématické celky z řad diferenciálních rovnic : doplňkové skriptum /

Hlavní autor: Burýšková, Věra, 1937-
Další autoři: Štelcichová, Jarmila
Jazyk: Čeština
Vydáno: Praha : České vysoké učení technické, 1990
Vydání: 1. vyd.
Externí odkaz: Digitalizovaný dokument
Fyzický popis: 54 s.
Knihy
Uloženo v:
LEADER 01174nam a22002652a 4500
001 000165083
003 CZ BrMZK
005 20130114105555.0
008 970103s1990 xr f cze d
015 |a cnb000058164 
035 |a (OCoLC)85663972 
040 |a BOA001  |b cze 
080 |a 517.9(075.8)  |2 MRF 
100 1 |a Burýšková, Věra,  |d 1937-  |7 ntka172139  |4 aut 
245 1 0 |a Matematika III :  |b tématické celky z řad diferenciálních rovnic : doplňkové skriptum /  |c Věra Burýšková, Jarmila Štelcichová 
250 |a 1. vyd. 
260 |a Praha :  |b České vysoké učení technické,  |c 1990 
300 |a 54 s. 
700 1 |a Štelcichová, Jarmila  |7 mzk2013741454 
856 4 1 |u http://www.digitalniknihovna.cz/mzk/uuid/uuid:7d75b5e0-921d-11e3-8e84-005056827e51  |y Digitalizovaný dokument  |x NDK 
910 |a BOA001  |b TK-A-0246.601 
990 |a BK 
996 7 |b 2629973475  |c TK-A-0246.601  |l MZK  |r Sklad / do 24 hodin  |n 1  |w 000165083  |u 000020  |a 1  |e BOA001  |j MZK50  |s A 
996 7 |b 2629973477  |c TK-A-0246.601  |l MZK  |r Sklad / do 24 hodin  |n 0  |w 000165083  |u 000030  |a 1  |e BOA001  |j MZK50  |s A 
996 7 |b 2629987502  |c TK-A-0246.601  |l MZK  |r Sklad / do 24 hodin  |n 1  |w 000165083  |u 000010  |a 1  |e BOA001  |j MZK50  |s A